000 00303nam a22001337a 4500
003 OSt
008 231026b |||||||| |||| 00| 0 eng d
041 _ahin
082 _a891.43
_bBHE/HA
245 _aHamara jawahar
260 _aKolkatta
_bHindi Pracharak Pustakalay
_c1651
300 _a16
942 _cBK
999 _c17758
_d17758